| 000 | 00709nam a2200229 a 4500 | ||
|---|---|---|---|
| 003 | DO-SdBNP | ||
| 005 | 20220601095917.0 | ||
| 007 | ta | ||
| 008 | 220601e2012 dr ||||gr|||| 001 fdspa d | ||
| 020 | _a9789945471212 | ||
| 040 |
_aDO-SdBNP _bspa _cBNPHU |
||
| 082 | 4 |
_222 _bV335e |
|
| 245 | 1 | 0 |
_aEncontrando la luz. / _cJuana Vásquer |
| 260 |
_aSanto Domingo : _bAmigo del Hogar, _c2021 |
||
| 300 |
_a117 p. ; _c21 cm. |
||
| 500 | _aIncluye datos biográficos de la autora en la solapa de la cubierta. | ||
| 590 | _aInventariado 2022 / MF | ||
| 650 | 4 |
_978652 _aNarración _xHistoria _zRepública Dominicana |
|
| 650 | 4 |
_951477 _aVida Epiritual _xRelatos Personales |
|
| 910 | _aMFeliz | ||
| 942 |
_2ddc _cLBS1 |
||
| 999 |
_c51868 _d51868 |
||